000
00317nam a2200145Ia 4500
008
170203s9999 xx 000 0 und d
020
_a
0-7867840560
050
_a
Fic
050
_b
.D612 1995
245
_a
Toy Story /
260
_a
New York
260
_b
Disney Press
260
_c
1995
300
_a
104 pages;
999
_c
306160
_d
306160